000 01325cam a2200301 i 4500
001 768714001
003 CO-MdFUSB
005 20230614114419.0
007 ta
008 230614t1981 -sp||||| |||| 00| | spa d
020 _a9788472285989
040 _bspa.
_aCO-MdFUSB
_cCO-MdFUSB
_dCO-MdFUSBC
_erda
041 _aspa
082 0 4 _223
_aG 249
_bB765o
100 1 _aBounds, Edward M. (McKendree) (1835-1913)
_eautor
245 1 0 _aLa oración y los hombres de oración
_c/ E. M. Bounds
264 1 _aTerrassa, Barcelona, España :
_bClie,
_c[1981]
264 4 _c© 1981
300 _a119 páginas
_c; 19 cm
336 _atexto
_btxt
_2rdacontent
337 _2rdamedia
_asin mediación
_bn
338 _2rdacarrier
_avolumen
_bnc
505 _aCantos de oración en el Antiguo Testamento -- Cantos de oración en el Antiguo Testamento (continuación) -- Abraham, el hombre de oración -- Moisés, el poderoso intercesor -- Elías, el profeta que oraba -- Ezequías, el rey que oraba -- Nehemías, el constructor que oraba -- Samuel, el hijo de oración -- Daniel, el cautivo que oraba -- La fe de los pecadores en la oración -- Pablo, el maestro de la oración -- Pablo y su oración -- Pablo y sus peticiones en la oración.
563 _aTapa dura
650 7 _aOración
_986
942 _cREF
945 _aMag 1104
999 _c36288
_d36288